聖山腳下的十字架 Sheng shan jiao xia de shi zi jia = Christianity at the foot of Mount Tai {ch}:/ (Record no. 263)
[ view plain ]
| 000 -LEADER | |
|---|---|
| fixed length control field | 01528nam a2200301 a 4500 |
| 003 - CONTROL NUMBER IDENTIFIER | |
| control field | C-11070 |
| 005 - DATE AND TIME OF LATEST TRANSACTION | |
| control field | 20140520104818.0 |
| 008 - FIXED-LENGTH DATA ELEMENTS--GENERAL INFORMATION | |
| fixed length control field | 060705s2005 -hk 000 0 chi |
| 020 ## - INTERNATIONAL STANDARD BOOK NUMBER | |
| International Standard Book Number | 962832294X :HK90/67.50/Php448.00 |
| 040 ## - CATALOGING SOURCE | |
| Transcribing agency | LOCAL |
| 245 10 - TITLE STATEMENT | |
| Title | 聖山腳下的十字架 Sheng shan jiao xia de shi zi jia = Christianity at the foot of Mount Tai {ch}:/ |
| Remainder of title | 宗教與社會互動個案研究 zong jiao yu she hui hu dong ge an yan jiu = a study of the interplay between religion and society / |
| Statement of responsibility, etc | by Peter Tze-Ming Ng...[et al.] ; Institute of Sino-Christian Studies. |
| 260 ## - PUBLICATION, DISTRIBUTION, ETC. (IMPRINT) | |
| Place of publication, distribution, etc | Hong Kong : |
| Name of publisher, distributor, etc | Logos and Pneuma Press, |
| Date of publication, distribution, etc | 2005. |
| 300 ## - PHYSICAL DESCRIPTION | |
| Extent | 295 p. ; |
| Dimensions | 21 cm. |
| 490 10 - SERIES STATEMENT | |
| Series statement | Han yu Jidu jiao wen hua yan jiu suo cong kan ; |
| Volume number/sequential designation | 17 = |
| Series statement | Institute of Sino-Christian Studies monographs series ; |
| Volume number/sequential designation | 17. |
| 500 ## - GENERAL NOTE | |
| General note | Table of contents also in English. |
| 504 ## - BIBLIOGRAPHY, ETC. NOTE | |
| Bibliography, etc | Includes bibliographical references. |
| 546 ## - LANGUAGE NOTE | |
| Language note | Table of contents also in English. |
| 650 #4 - SUBJECT ADDED ENTRY--TOPICAL TERM | |
| Topical term or geographic name as entry element | Christianity |
| Geographic subdivision | China |
| -- | Tai'an (Shandong Sheng) {ch}. |
| 650 #4 - SUBJECT ADDED ENTRY--TOPICAL TERM | |
| Topical term or geographic name as entry element | Religion and sociology |
| Geographic subdivision | China |
| -- | Tai'an (Shandong Sheng) {ch}. |
| 651 #4 - SUBJECT ADDED ENTRY--GEOGRAPHIC NAME | |
| Geographic name | Tai'an (Shandong Sheng, China) |
| General subdivision | Church history {ch}. |
| 651 #4 - SUBJECT ADDED ENTRY--GEOGRAPHIC NAME | |
| Geographic name | 泰安 (山東省, 中國) |
| General subdivision | Church history {ch} |
| 700 1# - ADDED ENTRY--PERSONAL NAME | |
| Personal name | 吳梓明 Wu, Ziming. |
| 700 1# - ADDED ENTRY--PERSONAL NAME | |
| Personal name | Ng, Peter Tze-Ming 吳梓明 |
| 740 ## - ADDED ENTRY--UNCONTROLLED RELATED/ANALYTICAL TITLE | |
| Uncontrolled related/analytical title | Sheng shan jiao xia de shi zi jia : zong jiao yu she hui hu dong ge an yan jiu / Wu Ziming deng zhu ; Han yu Jidu jiao wen hua yan jiu suo ce hua. |
| 541 ## - IMMEDIATE SOURCE OF ACQUISITION NOTE | |
| Accession number | C-7661 |
| 541 ## - IMMEDIATE SOURCE OF ACQUISITION NOTE | |
| Accession number | C-11070 |
| 942 ## - ADDED ENTRY ELEMENTS (KOHA) | |
| Source of classification or shelving scheme | Library of Congress Classification |
| Item type | Books |
| Withdrawn status | Lost status | Source of classification or shelving scheme | Damaged status | Not for loan | Home library | Current library | Shelving location | Date acquired | Source of acquisition | Cost, normal purchase price | Accession number | Total Checkouts | Full call number | Date last seen | Price effective from | Koha item type | Barcode | Copy number |
|---|---|---|---|---|---|---|---|---|---|---|---|---|---|---|---|---|---|---|
| Library of Congress Classification | BSOP Library | BSOP Library | Special Collections English | 06/29/2012 | Alliance Book Centre | 448.00 | C-7661 | BR1295.T352 C46n | 02/23/2013 | 02/23/2013 | Books | |||||||
| Library of Congress Classification | BSOP Library | BSOP Library | Special Collections Chinese | 08/14/2012 | CAP | 430.00 | C-11070 | BR1295.T352 C46n | 02/23/2013 | 02/23/2013 | Books | 00042854 | c.2 |
